| 000 | 00701nam a22001817a 4500 | ||
|---|---|---|---|
| 003 | OSt | ||
| 005 | 20130409185132.0 | ||
| 008 | 130409s2009 sp ||||| |||| 00| 0 spa d | ||
| 020 | _a9788493621049 | ||
| 040 | _cCDMR | ||
| 245 | 0 | 0 |
_aAnálisis de las oportunidades de empleo de la Industria Audiovisual en Andalucía _b: caracterización, tendencias y perspectivas _celaborado por Fundación Audiovisual de Andalucía |
| 260 |
_a[Sevilla] _bFundación Audiovisual de Andalucía |
||
| 260 |
_bRTVA. Radio y Televisión de Andalucía _c[2009] |
||
| 300 |
_a267 p. _bil. col. |
||
| 650 | 0 | 4 |
_93092 _aIndústria audiovisual _zAndalusia |
| 710 | 2 |
_93116 _aFundación Audiovisual de Andalucía |
|
| 942 |
_2udc _cMON |
||
| 999 |
_c6063 _d6063 |
||